| 000 | 02035nam a22004577a 4500 | ||
|---|---|---|---|
| 003 | CHAP | ||
| 005 | 20220329141300.0 | ||
| 008 | 971010s1971 r 00010 d | ||
| 010 | _a65718 | ||
| 011 | _a66690 | ||
| 035 | _a75381 | ||
| 040 | _cCHAP | ||
| 082 |
_a631.71 _bG5y |
||
| 100 | 0 | 0 |
_aGibson, Ulric P. _947885 |
| 245 |
_aManual de los pozos pequeños _b: localización, diseño, construcción uso y conservación |
||
| 260 |
_aMéxico, D.F. : _bLimusa, _c1971 |
||
| 300 |
_a181 p. _b: ilus. ; gráfs. |
||
| 590 |
_aBATCH-UPD _b10 _c20130110 _lUCH01 _h2010 |
||
| 590 |
_aBATCH-UPD _b10 _c20130410 _lUCH01 _h1329 |
||
| 590 |
_aBATCH-UPD _b10 _c20130914 _lUCH01 _h1934 |
||
| 590 |
_aCONVERSION _b10 _c20130109 _lUCH01 _h1336 |
||
| 650 | 1 | 4 |
_aAgua subterranea. _92456 |
| 650 | 1 | 4 |
_aPozos para irrigación. _991210 |
| 700 | 0 |
_aSinger, Rexford D. _9106594 |
|
| 901 | _aBK | ||
| 942 | _cLIBRO | ||
| 949 |
_a631.71 G5y _bBC _cLIBRO _d33724000169017 _eLIBRO _h37661 _i75381 _si |
||
| 949 |
_a631.71 G5y _bBC _cLIBRO _d33724000169025 _eLIBRO _fc.13 _h37673 _i75381 _si |
||
| 949 |
_a631.71 G5y _bBC _cLIBRO _d33724000169033 _eLIBRO _fc.6 _h37666 _i75381 _si |
||
| 949 |
_a631.71 G5y _bBC _cLIBRO _d33724000169041 _eLIBRO _fc.2 _h37662 _i75381 _si |
||
| 949 |
_a631.71 G5y _bBC _cLIBRO _d33724000169058 _eLIBRO _fc.5 _h37665 _i75381 _si |
||
| 949 |
_a631.71 G5y _bBC _cLIBRO _d33724000169066 _eLIBRO _fc.3 _h37663 _i75381 _si |
||
| 949 |
_a631.71 G5y _bBC _cLIBRO _d33724000169074 _eLIBRO _fc.9 _h37669 _i75381 _si |
||
| 949 |
_a631.71 G5y _bBC _cLIBRO _d33724000169082 _eLIBRO _fc.8 _h37668 _i75381 _si |
||
| 949 |
_a631.71 G5y _bBC _cLIBRO _d33724000169090 _eLIBRO _fc.12 _h37672 _i75381 _si |
||
| 949 |
_a631.71 G5y _bBC _cLIBRO _d33724000169108 _eLIBRO _fc.11 _h37671 _i75381 _si |
||
| 949 |
_a631.71 G5y _bBC _cLIBRO _d33724000169116 _eLIBRO _fc.7 _h37667 _i75381 _si |
||
| 949 |
_a631.71 G5y _bBC _cLIBRO _d33724000169124 _eLIBRO _fc.15 _h37675 _i75381 _si |
||
| 949 |
_a631.71 G5y _bBC _cLIBRO _d33724000169132 _eLIBRO _fc.4 _h37664 _i75381 _si |
||
| 949 |
_a631.71 G5y _bZA _cLIBRO _d-8323 _eLIBRO _h6036 _i75381 _si |
||
| 999 |
_c65718 _d65718 |
||